| 000 | 00431nam a22001577a 4500 | ||
|---|---|---|---|
| 005 | 20240318063021.0 | ||
| 008 | 240318b |||||||| |||| 00| 0 eng d | ||
| 020 | _a0702125172 | ||
| 041 | _aEnglish | ||
| 082 | _a349 IND | ||
| 100 | _lEnglish | ||
| 245 |
_aIndustrial Law Journal : _cedited by E Cameron |
||
| 300 |
_b183 pages ; _c25 cm. |
||
| 650 |
_aLegal practice _bLaw |
||
| 942 |
_cCR _6ALISON_BN_VRIES |
||
| 999 |
_c1462 _d1462 |
||